000 00393nam a2200181Ia 4500
005 20240823043302.0
008 240823s9999||||xx |||||||||||||| ||und||
041 _aENGLISH
082 _A372.61
100 _a"Graham,King"
245 0 _aWord Check 2
250 _a1st
260 _b"Mandarin,L"
500 _aTransfered
650 _aGeneral
_bGeneral
942 _cBK
999 _c209877
_d209877